[Event "Robson-Finegold Classical Match"]
[Site "Saint Louis USA"]
[Date "2011.05.18"]
[Round "2"]
[White "Robson,R"]
[Black "Finegold,B"]
[Result "1/2-1/2"]
[WhiteElo "2545"]
[BlackElo "2494"]

1.e4 d6 2.d4 Nf6 3.Nc3 e5 4.Nf3 Nbd7 5.Bc4 Be7 6.O-O O-O 7.a4 c6 8.Re1 b6
9.d5 cxd5 10.Nxd5 Bb7 11.b3 Rc8 12.Re2 Nc5 13.Nxf6+ Bxf6 14.Bd5 Qd7 15.Ba3 Bxd5
16.Qxd5 Rfd8 17.Rd1 Qg4 18.h3 Qg6 19.Bc1 h6 20.Bd2 Rd7 21.a5 bxa5 22.Ra1 Bd8
23.Kh2 Qf6 24.Bxa5 Qf4+ 25.Kg1 Bxa5 26.Rxa5 Qc1+ 27.Kh2 Qf4+ 28.Kg1 Qc1+
29.Kh2 Qf4+  1/2-1/2

[Event "20th Croatian Cup"]
[Site "Sibenik CRO"]
[Date "2011.05.18"]
[Round "1.44"]
[White "Klobucar,De"]
[Black "Golubovic,B"]
[Result "1/2-1/2"]
[WhiteElo "2172"]
[BlackElo "2416"]

1.e4 d6 2.d4 Nf6 3.Nc3 e5 4.dxe5 dxe5 5.Qxd8+ Kxd8 6.Bg5 Be6 7.O-O-O+ Nd7
8.Nd5 Kc8 9.Nxf6 Nxf6 10.a3 Nd7 11.Be3 Bc5 12.Bxc5 Nxc5 13.f3 Rd8 14.Rxd8+ Kxd8
15.g3 Ke7 16.Bh3 c6 17.Bxe6 Nxe6 18.Ne2 g6 19.f4 exf4 20.gxf4 Re8 21.Rg1 Nc5
22.Nc3 Kf8 23.Re1 f6 24.Kd2 Kf7 25.h4  1/2-1/2

[Event "20th Croatian Cup"]
[Site "Sibenik CRO"]
[Date "2011.05.18"]
[Round "1.71"]
[White "Bubalovic,D"]
[Black "Jovanovic,Zo CRO"]
[Result "0-1"]
[WhiteElo "2295"]
[BlackElo "2553"]

1.e4 d6 2.d4 Nf6 3.Nc3 e5 4.dxe5 dxe5 5.Qxd8+ Kxd8 6.Nf3 Bd6 7.Bc4 Ke7 8.Bg5 c6
9.O-O-O Bc7 10.h3 Nd7 11.Rhe1 h6 12.Be3 Bb6 13.Nd2 a5 14.Kb1 Bxe3 15.Rxe3 Nb6
16.Bf1 Be6 17.Ne2 Rhd8 18.Rd3 Rxd3 19.cxd3 Rd8 20.Nc3 Nfd7 21.Nf3 c5 22.Rc1 Nc8
23.Nb5 Nd6 24.Nxd6 Kxd6 25.Be2 g6 26.Bd1 b6 27.Ba4 Nf6 28.Bb5 Nh5 29.h4 f6
30.g3 Ng7 31.Nd2 Ke7 32.Kc2 Bg4 33.Bc4 Bd7 34.Bd5 Ne6 35.Bxe6 Bxe6 36.b3 b5
37.a4 bxa4 38.bxa4 Rb8 39.Rb1 Rb4 40.Rxb4 cxb4 41.d4 Bd7 42.dxe5 Bxa4+ 43.Kb2 Be8
44.exf6+ Kxf6 45.Kb3 h5 46.f4 Bc6 47.Kc4 Bd7 48.Kb3 Ke7 49.Nf3 Bc6 50.Nd2 Kd6
51.Kc4 Be8 52.Nf3 Bf7+ 53.Kb5 b3 54.Kxa5 b2 55.Nd2 Ba2 56.Kb4 b1=Q+ 57.Nxb1 Bxb1
58.f5 gxf5 59.exf5 Bxf5  0-1

[Event "ch-BUL Seniors"]
[Site "Sofia BUL"]
[Date "2011.05.18"]
[Round "6.1"]
[White "Orev,P"]
[Black "Arnaudov,P"]
[Result "1/2-1/2"]
[WhiteElo "2224"]
[BlackElo "2189"]

1.e4 d6 2.d4 Nf6 3.Nc3 c6 4.a4 Qa5 5.Bd3 e5 6.Ne2 Na6 7.O-O Nb4 8.Bd2 Qc7
9.Nb5 cxb5 10.Bxb4 bxa4 11.Nc3 a6 12.d5 Be7 13.Rxa4 Rb8 14.Qe2 Nd7 15.Raa1 O-O  1/2-1/2

[Event "ch-Euro Indiv Women"]
[Site "Tbilisi GEO"]
[Date "2011.05.18"]
[Round "11"]
[White "Ibrahimova,S"]
[Black "Stojanovic,Andj"]
[Result "0-1"]
[WhiteElo "2078"]
[BlackElo "2326"]

1.e4 d6 2.d4 Nf6 3.Nc3 e5 4.Nf3 exd4 5.Nxd4 Be7 6.Bc4 O-O 7.Bf4 a6 8.a4 Nbd7
9.O-O Ne5 10.Bb3 Nfd7 11.Nd5 Nc5 12.Nxe7+ Qxe7 13.Re1 Nxb3 14.Nxb3 Qf6 15.Bg3 Ng6
16.Nd4 Bd7 17.Qd2 Rfe8 18.c3 Re7 19.Re3 h6 20.b3 Rae8 21.Rae1 Qg5 22.Nf3 Qc5
23.Nd4 Ne5 24.h3 Ng6 25.f4 Bc6 26.f5 Nf8 27.Nxc6 Qxc6 28.Qe2 Nd7 29.Bh4 f6
30.Kh2 d5 31.exd5 Qd6+ 32.Bg3 Rxe3 33.Qxe3 Rxe3 34.Rxe3 Qxd5 35.c4 Qxf5 36.Re7 Kf8
37.Re3 Ne5  0-1

[Event "ch-Euro Indiv Women"]
[Site "Tbilisi GEO"]
[Date "2011.05.18"]
[Round "11"]
[White "Melia,S"]
[Black "Kochetkova,J"]
[Result "1/2-1/2"]
[WhiteElo "2444"]
[BlackElo "2341"]

1.e4 d6 2.d4 Nf6 3.Nc3 e5 4.Nf3 Nbd7 5.Bc4 Be7 6.O-O O-O 7.Re1 a6 8.a4 b6
9.h3 Bb7 10.d5 h6 11.Nd2 Nh7 12.Nf1 Bg5 13.Ne3 Ndf6 14.b3 Kh8 15.Ba3 Bc8
16.Bd3 Ng8 17.a5 b5 18.Na2 Ne7 19.Nf5 Nxf5 20.exf5 Qf6 21.g3 e4 22.Bxe4 Bxf5
23.Qd3 Bxe4 24.Qxe4 Bd2 25.Rf1 Bxa5 26.Kg2 Rfe8 27.Qd3 Nf8 28.Nb4 Bb6 29.Nc6 Nd7
30.Bb4 Ne5 31.Nxe5 Qxe5 32.Rfe1 Qf6 33.f4 Rxe1 34.Rxe1 Bd4 35.Re4 Bb2  1/2-1/2

[Event "Serbian Cup 2011"]
[Site "Valjevo SRB"]
[Date "2011.05.18"]
[Round "3.8"]
[White "Maksimovic,Br"]
[Black "Kosanovic,D"]
[Result "1-0"]
[WhiteElo "2440"]
[BlackElo "2341"]

1.d4 d6 2.e4 Nf6 3.Nc3 e5 4.Nf3 Nbd7 5.Bc4 Be7 6.O-O O-O 7.a4 c6 8.Ba2 b6
9.Qe2 a6 10.Rd1 Qc7 11.Bg5 Bb7 12.Nh4 g6 13.Bh6 Rfc8 14.dxe5 Nxe5 15.h3 d5
16.exd5 Nxd5 17.Nxd5 cxd5 18.Bxd5 Bxd5 19.Rxd5 Bxh4 20.Rxe5 Bf6 21.Re4 Bxb2
22.Re1 Qc6 23.c3 Ba3 24.Qa2 Bf8 25.Rf4 Ra7 26.Rc4 Qa8 27.Be3 Re7 28.Rd1 b5
29.Rxc8 Qxc8 30.axb5 axb5 31.Qa5 Rc7 32.Rd5 Rxc3 33.Rd8 Rc1+ 34.Kh2  1-0

[Event "Serbian Cup 2011"]
[Site "Valjevo SRB"]
[Date "2011.05.18"]
[Round "3.1"]
[White "Kovacevic,A"]
[Black "Tadic,Br"]
[Result "1/2-1/2"]
[WhiteElo "2575"]
[BlackElo "2493"]

1.e4 d6 2.d4 Nf6 3.Nc3 e5 4.Nf3 Nbd7 5.Bc4 Be7 6.O-O O-O 7.Re1 c6 8.a4 exd4
9.Qxd4 Ne5 10.Be2 Nfg4 11.h3 Bf6 12.Qd1 Nxf3+ 13.Bxf3 Ne5 14.Be2 Re8 15.Be3 Ng6
16.Bd4 Be5 17.Bxe5 dxe5 18.Qxd8 Rxd8 19.a5 Rd4 20.Bd1 Be6 21.Na4 Rad8 22.Nc5 Bc8
23.Bg4 Bxg4 24.hxg4 b6 25.axb6 axb6 26.Nd3 c5 27.g3 f6 28.Ra7 Nf8 29.Rb7 Rc4
30.Rxb6 Rxc2 31.Re3 c4 32.Ne1 Rc1 33.Kg2 Rdd1 34.Nf3 Rd3 35.Rxd3 cxd3 36.Rd6 Rd1
37.Nh2 Kf7 38.Nf1 Rb1 39.Rxd3 Rxb2 40.g5 Rb4 41.gxf6 gxf6 42.Nd2 Ne6 43.Rd7+ Kg8
44.Rd6 Kf7 45.Rd7+  1/2-1/2

[Event "ch-KAZ 2011"]
[Site "Astana KAZ"]
[Date "2011.05.19"]
[Round "5"]
[White "Ismagambetov,An"]
[Black "Kozganbayev,E"]
[Result "1-0"]
[WhiteElo "2500"]
[BlackElo "2271"]

1.e4 d6 2.d4 Nf6 3.Nc3 e5 4.Nf3 Nbd7 5.Bc4 Be7 6.O-O O-O 7.Re1 c6 8.a4 exd4
9.Nxd4 Ne5 10.Ba2 Re8 11.h3 Qa5 12.f4 Ng6 13.Qd3 Bf8 14.Bd2 Qc7 15.Be3 Bd7
16.Rad1 a6 17.Bxf7+ Kxf7 18.Qc4+ Ke7 19.e5 dxe5 20.f5 Kd8 21.Ne6+ Rxe6 22.fxe6 b5
23.Qf1 Ke8 24.exd7+ Nxd7 25.Qf5 Bb4 26.axb5 axb5 27.Ra1 Rxa1 28.Rxa1 Ba5
29.Ne4 Ne7 30.Qe6  1-0

[Event "20th Croatian Cup"]
[Site "Sibenik CRO"]
[Date "2011.05.19"]
[Round "2.71"]
[White "Grguric,Dr"]
[Black "Biti,O"]
[Result "0-1"]
[WhiteElo "2122"]
[BlackElo "2378"]

1.e4 d6 2.d4 Nf6 3.Nc3 e5 4.Nf3 Nbd7 5.Bc4 Be7 6.Ng5 O-O 7.Bxf7+ Rxf7 8.Ne6 Qe8
9.Nxc7 Qd8 10.Nxa8 b6 11.dxe5 dxe5 12.Nd5 Nxd5 13.Qxd5 Ba6 14.Be3 Qb8 15.O-O-O Nf6
16.Qe6 Bc8 17.Qc6 Bb7 18.Qc7 Qxa8 19.f3 Bc5 20.Rd8+ Ne8 21.Rxa8 Bxe3+ 22.Kb1 Rxc7
23.Rxe8+ Kf7 24.Rxe5 Rd7 25.Re1 g6 26.Rb5 Bc5 27.Rb3 Ba6 28.a3 Rd2 29.Rc3 Rxg2
30.Rd1 Ke7 31.f4 Be2 32.Rd2 a5 33.Rg3 Rxh2 34.Rg5 Bd6 35.e5 Bc5 36.Rg3 Rh1+
37.Ka2 Bc4+ 38.b3 Be6 39.Kb2 Rf1 40.Rh2 Bg8 41.Rg4 Be3 42.Rhh4 Bd4+ 43.c3 Rf2+
44.Kc1 Bxc3 45.Rh3 Bd2+ 46.Kd1 Bxf4 47.Ke1 Rh2 48.Rf3 Bxe5 49.Re4 Rh5 50.Rfe3 Kd6
51.Rd3+ Bd5 52.Rc4 Rh1+ 53.Kf2 Rh2+ 54.Kf1 Rb2 55.Rc8 Bf6 56.Rb8 Kc7 57.Rf8 Be7
58.Rh8 Bxb3 59.Rd4 Rh2 60.Ra8 Bc5 61.Rdd8 Kc6  0-1

[Event "20th Croatian Cup"]
[Site "Sibenik CRO"]
[Date "2011.05.19"]
[Round "3.82"]
[White "Rubil,M"]
[Black "Vidovic,S"]
[Result "0-1"]
[WhiteElo "2255"]
[BlackElo "2354"]

1.e4 d6 2.d4 Nf6 3.Nc3 c6 4.f4 Qa5 5.Bd3 e5 6.Nf3 Bg4 7.Be3 exf4 8.Bxf4 Qb6
9.e5 dxe5 10.dxe5 Nd5 11.Nxd5 cxd5 12.h3 Be6 13.Ng5 Qb4+ 14.Qd2 Qxd2+ 15.Kxd2 g6
16.Nxe6 fxe6 17.h4 Be7 18.Bh6 Nc6 19.h5 Rg8 20.hxg6 hxg6 21.Bf4 Kd7 22.Rh7 Raf8
23.Rf1 g5 24.Bg3 Rxf1 25.Bxf1 a6 26.Be2 Rf8 27.Bg4 Rf1 28.Rh6 Nd8 29.Bf3 Ra1
30.a3 g4 31.Rh7 gxf3 32.gxf3 Rg1 33.Bh4 Nc6 34.Bf6 Rg8 35.f4 Ke8 36.Bg7 Kf7
37.Bf6+ Kg6 38.Rxe7 Nxe7 39.Bxe7 Kf5 40.Bg5 Ke4 41.Kc3 d4+ 42.Kb3 Rc8 43.Bh6 b5
44.Bg5 Rc4  0-1

[Event "20th Croatian Cup"]
[Site "Sibenik CRO"]
[Date "2011.05.20"]
[Round "4.52"]
[White "Ascic,P"]
[Black "Dimitrijevic,Da"]
[Result "0-1"]
[WhiteElo "2303"]
[BlackElo "2243"]

1.e4 d6 2.d4 Nf6 3.Nc3 c6 4.a4 Qa5 5.Bd3 e5 6.Ne2 Be7 7.O-O O-O 8.Bd2 Qc7
9.h3 Rd8 10.Qe1 Nbd7 11.Kh1 a5 12.f4 exd4 13.Nxd4 Nc5 14.Qf2 Nxd3 15.cxd3 Nd7
16.Rad1 Nc5 17.Be3 b6 18.Qg3 Bf6 19.Nf3 Bxc3 20.bxc3 Nxa4 21.Bd4 f5 22.c4 Nc5
23.e5 d5 24.Rfe1 Ne6 25.Bb2 d4 26.Ba3 c5 27.Ng5 Re8 28.Kh2 Bb7 29.h4 Nf8
30.Rg1 h6 31.Nh3 Qf7 32.Qf2 Qh5 33.Rb1 Re6 34.Rb2 Rc8 35.Rgb1 Nd7 36.Re2 Nf6
37.Kg1 Ng4 38.Qe1 Ne3 39.Bc1 Ng4 40.Bd2 Ra8 41.Bc1 Qe8 42.Nf2 Nf6 43.Rbb2 Qc6
44.Nh1 Nh5 45.Ng3 Nxg3 46.Qxg3 a4 47.h5 Ba6 48.Rbc2 b5 49.cxb5 Qxb5 50.Qh3 Qxd3  0-1

[Event "Serbian Cup 2011"]
[Site "Valjevo SRB"]
[Date "2011.05.20"]
[Round "5.4"]
[White "Nestorovic,L"]
[Black "Pikula,D"]
[Result "1/2-1/2"]
[WhiteElo "2419"]
[BlackElo "2531"]

1.e4 d6 2.d4 Nf6 3.Nc3 e5 4.dxe5 dxe5 5.Qxd8+ Kxd8 6.Bc4 Ke8 7.f3 c6 8.Be3 a5
9.a4 Na6 10.Nge2 Nd7 11.O-O-O Bc5 12.Bxc5 Naxc5 13.b3 Nb6 14.Bd3 Be6 15.Kb2 Rd8
16.Nc1 Ke7 17.Be2 Rxd1 18.Rxd1 g5 19.Nd3 Nbd7 20.Nxc5 Nxc5 21.Rf1 h5 22.Nd1 h4
23.Ne3 b6 24.Bc4 Bc8 25.Be2 f6 26.Rd1 Rd8 27.Rxd8 Kxd8 28.Bc4 Ke7 29.Kc3 Kd6
30.Kd2 Bd7 31.Bg8 Bc8 32.Nc4+ Kc7 33.Ne3 Kd6 34.Nc4+ Kc7 35.Ne3 Kd6 36.Nc4+  1/2-1/2

[Event "Serbian Cup 2011"]
[Site "Valjevo SRB"]
[Date "2011.05.20"]
[Round "5.3"]
[White "Kovacevic,A"]
[Black "Rabrenovic,V"]
[Result "1/2-1/2"]
[WhiteElo "2575"]
[BlackElo "2393"]

1.e4 d6 2.d4 Nf6 3.Nc3 e5 4.Nf3 Nbd7 5.Bc4 Be7 6.O-O O-O 7.Re1 c6 8.a4 exd4
9.Nxd4 d5 10.exd5 Nb6 11.Bb3 Nbxd5 12.Nxd5 Nxd5 13.Bxd5 cxd5 14.Bf4 Bc5 15.Qd2 Bxd4
16.Qxd4 Be6 17.Ra3 Qd7 18.Rg3 f6 19.c3 a6 20.h3 Rae8 21.Kh2 Bf7 22.Rxe8 Bxe8
23.b3 Bg6 24.c4 Rd8 25.c5 Re8 26.Bd6 Qc6  1/2-1/2

[Event "XXVI Felix Cup"]
[Site "Baile Felix ROU"]
[Date "2011.05.21"]
[Round "2.12"]
[White "Hristodorescu,D"]
[Black "Iancu,I"]
[Result "1-0"]
[WhiteElo "2204"]
[BlackElo "1897"]

1.e4 d6 2.d4 Nf6 3.Nc3 Nbd7 4.Be3 e5 5.f3 Be7 6.Nge2 c6 7.Qd2 O-O 8.g4 exd4
9.Nxd4 Ne5 10.Be2 d5 11.g5 Ne8 12.exd5 cxd5 13.Rg1 Nc7 14.O-O-O Nc4 15.Bxc4 dxc4
16.Qe2 Nd5 17.Ndb5 Nxc3 18.Nxc3 Qa5 19.Bd4 Be6 20.Kb1 Rad8 21.h4 Rfe8 22.Ne4 Bf5
23.Bc3 Qc7 24.Rxd8 Rxd8 25.Ng3 Be6 26.f4 Qxf4 27.Nh5 Qxh4 28.Nxg7 Qh3 29.a3 b5
30.g6 hxg6 31.Nxe6 Qxe6 32.Rh1 Bf6 33.Qxe6  1-0

[Event "XXVI Felix Cup"]
[Site "Baile Felix ROU"]
[Date "2011.05.21"]
[Round "3.4"]
[White "Petrisor,A"]
[Black "Samu,S"]
[Result "1-0"]
[WhiteElo "2402"]
[BlackElo "2126"]

1.e4 d6 2.d4 Nf6 3.Nc3 c6 4.Be3 g6 5.Qd2 Ng4 6.Bg5 h6 7.Bh4 Bg7 8.f3 Nf6
9.Nge2 Nbd7 10.O-O-O Qa5 11.Kb1 b5 12.Nc1 b4 13.N3e2 c5 14.Nb3 Qb6 15.e5 dxe5
16.dxc5 Qc7 17.Qxb4 a5 18.Qa4 O-O 19.Bf2 Bb7 20.Nc3 Bc6 21.Bb5 Rfc8 22.Bxc6 Qxc6
23.Qxc6 Rxc6 24.Na4 Bf8 25.Rd2 e6 26.Rhd1 Ra7 27.Rd3 Nd5 28.c4 N5f6 29.Be1 Nxc5
30.Nbxc5 Bxc5 31.Nxc5 Rxc5 32.Bf2 Rac7 33.Bxc5 Rxc5 34.b3 e4 35.Rd8+ Kg7
36.fxe4 Nxe4 37.Rf1 f5 38.Kc2 g5 39.Rb8 a4 40.Rd1 axb3+ 41.axb3 h5 42.Rd4 Kf6
43.b4 Rc7 44.c5 Ke5 45.Rdd8 f4 46.Rbc8 Rb7 47.Kb3 g4 48.c6 Rb6 49.c7 Rc6
50.b5 Rc1 51.b6 Rb1+ 52.Ka3 f3 53.gxf3 gxf3 54.Rf8 Rxb6 55.Rcd8 Rc6 56.c8=Q Rxc8
57.Rxc8 Nd6 58.Rc3 Nb5+ 59.Kb4 Nxc3 60.Kxc3 Ke4 61.Kd2 e5 62.h4  1-0

[Event "ch-Siberia Women"]
[Site "Barnaul RUS"]
[Date "2011.05.21"]
[Round "2"]
[White "Avdeenko,T"]
[Black "Kharashuta,E"]
[Result "0-1"]
[WhiteElo "2175"]
[BlackElo "2274"]

1.e4 d6 2.d4 Nf6 3.Nc3 e5 4.Nf3 Nbd7 5.g3 c6 6.Bg2 b5 7.O-O b4 8.Ne2 a5 9.Nh4 g6
10.f4 Bg7 11.c3 O-O 12.Kh1 Ba6 13.Qc2 Re8 14.dxe5 dxe5 15.cxb4 axb4 16.f5 Qb6
17.h3 b3 18.axb3 Bd3 19.Qxd3 Rxa1 20.Qc4 Qb5 21.fxg6 hxg6 22.Qxb5 cxb5 23.b4 Bf8
24.Nc3 Bxb4 25.Nxb5 Rc8 26.Be3 Rxf1+ 27.Bxf1 Nxe4 28.Kg2 Rc2+ 29.Kf3 Nef6
30.b3 e4+ 31.Kf4 Nh5+ 32.Kg5 Be7+ 33.Kh6  0-1

[Event "ch-Siberia Men"]
[Site "Barnaul RUS"]
[Date "2011.05.21"]
[Round "2"]
[White "Geyko,Roman"]
[Black "Kuznetsov,E"]
[Result "0-1"]
[WhiteElo "1931"]
[BlackElo "2180"]

1.e4 d6 2.d4 Nf6 3.Nc3 e5 4.Nf3 exd4 5.Nxd4 Be7 6.Bc4 O-O 7.O-O Re8 8.h3 Bf8
9.Re1 c6 10.Bd3 Nbd7 11.Be3 Nc5 12.Qf3 Nxd3 13.cxd3 g6 14.Bg5 Be7 15.e5 dxe5
16.Rxe5 Nd7 17.Rxe7 Rxe7 18.Ne4 Qf8 19.Bxe7 Qxe7 20.Qf4 Kg7 21.Rc1 Qe5 22.Qe3 f5
23.Nc5 Qxe3 24.fxe3 Nxc5 25.Rxc5 Bd7 26.Re5 Kf6 27.Nf3 Be6 28.a3 b6 29.b4 Bd5
30.d4 b5 31.Nd2 a5 32.e4 fxe4 33.Nxe4+ Bxe4 34.Rxe4 axb4 35.axb4 Ra4 36.Kf2 Rxb4
37.Rf4+ Kg5 38.Ke3 Rc4 39.Rg4+ Kf5 40.Kd3 Ra4 41.Kc3 h5 42.Rh4 c5 43.g3 Rxd4
44.Rxd4 cxd4+ 45.Kxd4 b4 46.g4+ hxg4 47.hxg4+ Kxg4  0-1

[Event "46th Capablanca Memorial Open A"]
[Site "Havana CUB"]
[Date "2011.05.21"]
[Round "10.23"]
[White "Ostos,J"]
[Black "Garrido Dominguez,J"]
[Result "1/2-1/2"]
[WhiteElo "2310"]
[BlackElo "2417"]

1.e4 d6 2.d4 Nf6 3.Nc3 e5 4.Nf3 Nbd7 5.Bc4 Be7 6.O-O O-O 7.a4 c6 8.Re1 b6
9.d5 cxd5 10.Bxd5 Nxd5 11.Nxd5 Bb7 12.c4 Nc5 13.b4 Ne6 14.a5 Bxd5 15.Qxd5 Nc7
16.Qc6 b5 17.cxb5 Qb8 18.b6 axb6 19.Be3 bxa5 20.bxa5 Na6 21.Reb1 Qc8 22.Qd5 Nc7
23.Qd1 Na6 24.Nd2 Rd8 25.Bb6  1/2-1/2

[Event "46th Capablanca Memorial Open A"]
[Site "Havana CUB"]
[Date "2011.05.21"]
[Round "10.11"]
[White "Morales Romero,P"]
[Black "Cuenca Jimenez,J"]
[Result "1-0"]
[WhiteElo "2354"]
[BlackElo "2493"]

1.e4 d6 2.d4 Nf6 3.Nc3 e5 4.Nf3 Nbd7 5.Bc4 Be7 6.O-O O-O 7.a4 c6 8.a5 Rb8
9.Qe2 b5 10.axb6 axb6 11.d5 cxd5 12.exd5 Bb7 13.Ra7 Qc8 14.Nh4 g6 15.Bh6 Re8
16.Bb5 Ra8 17.Rxb7 Qxb7 18.Bc6 Qa6 19.Nb5 Rac8 20.c4 Nb8 21.Bxe8 Nxe8 22.Nf3 Qa2
23.Nd2 Qxb2 24.f4 Bf6 25.Qg4 Rd8 26.fxe5 Qxe5 27.Ne4 Bg7 28.Bxg7 Kxg7 29.Qh4 Rd7
30.Ng5 h6 31.Nf3 Qf6 32.Qf2 Na6 33.h4 h5 34.Qd2 Re7 35.Nbd4 Re4 36.Ne6+ fxe6
37.Ng5 Qe5 38.Qf2 Qf6 39.Qxb6 Qxf1+ 40.Kxf1 Rf4+ 41.Kg1 Nac7 42.c5  1-0

[Event "20th Croatian Cup"]
[Site "Sibenik CRO"]
[Date "2011.05.21"]
[Round "5.93"]
[White "Berke,A"]
[Black "Bonaca,D"]
[Result "1-0"]
[WhiteElo "2170"]
[BlackElo "1944"]

1.e4 d6 2.d4 Nf6 3.Nc3 e5 4.Nf3 Nbd7 5.Bc4 Be7 6.O-O O-O 7.a4 c6 8.Re1 b6
9.h3 Bb7 10.d5 c5 11.a5 bxa5 12.Nd2 Ne8 13.Nb3 Nb6 14.Bf1 a4 15.Nxa4 Nxa4
16.Rxa4 f5 17.Na5 Qd7 18.c4 Bc8 19.Nc6 f4 20.Be2 Nf6 21.Bf3 Rf7 22.Bd2 g5
23.b4 Rg7 24.bxc5 dxc5 25.Nxe5 Qe8 26.Ng4 Nxg4 27.hxg4 Bf6 28.Ra3 h5 29.Bc3 Bxc3
30.Rxc3 Qe5 31.Ra3 a5 32.Qa1 Qxa1 33.Rexa1 hxg4 34.Be2 Rga7 35.e5 Bf5 36.e6 Kg7
37.Kf1 Kf6 38.Ke1 Ke5 39.Kd2 Rb7 40.Kc3 Rab8 41.Bd1 Rb2 42.R3a2 Rxa2 43.Rxa2 Ra8
44.Re2+ Kd6 45.Ba4 Ra7 46.Rb2 g3 47.Rb6+ Ke5 48.fxg3 fxg3 49.Rb8 Be4 50.Rg8 Bxg2
51.Rxg5+ Kf4 52.Rg6 Be4 53.Rg8 g2 54.d6 Ra8 55.Rg7 Rh8 56.e7 Rh3+ 57.Kd2 Rd3+
58.Ke2 Re3+ 59.Kf2 Rf3+ 60.Kxg2 Rg3+ 61.Kf1  1-0

[Event "20th Croatian Cup"]
[Site "Sibenik CRO"]
[Date "2011.05.21"]
[Round "5.62"]
[White "Filipovic,Br"]
[Black "Vidovic,S"]
[Result "1-0"]
[WhiteElo "2409"]
[BlackElo "2354"]

1.e4 d6 2.d4 Nf6 3.Nc3 c6 4.f4 Qa5 5.Bd2 Qb6 6.e5 Nd5 7.Nf3 Bg4 8.Ne4 Bxf3
9.gxf3 Qd8 10.c4 Nc7 11.Qb3 b6 12.O-O-O d5 13.f5 e6 14.Nc3 Qh4 15.fxe6 fxe6
16.f4 g6 17.cxd5 cxd5 18.Bb5+ Kd8 19.Kb1 Qe7 20.Rc1 Qb4 21.Qc2 Bc5 22.dxc5 Nxb5
23.Nxb5 Qxb5 24.cxb6 Nd7 25.Qc7+ Ke8 26.bxa7 Kf7 27.f5 gxf5 28.Rc6 Rxa7 29.Qxa7 Qxc6
30.Rc1 Ra8 31.Qe3 Qa4 32.a3 Qe4+ 33.Qxe4 dxe4 34.Rc7 Ke8 35.Ka2 Nxe5 36.Rxh7 Ra6
37.Rc7 Nf3 38.Be3 Nxh2 39.b4 Ng4 40.b5 Rd6 41.b6 Nxe3 42.b7 Rb6 43.a4 Rxb7
44.Rxb7 Nc4 45.Rc7 Nb6 46.a5 Nd5 47.Rb7 Kd8 48.a6 Kc8 49.Rb2 e3 50.a7  1-0

[Event "Serbian Cup 2011"]
[Site "Valjevo SRB"]
[Date "2011.05.21"]
[Round "6.3"]
[White "Milenkovic,Ml"]
[Black "Markus,Rob"]
[Result "0-1"]
[WhiteElo "2405"]
[BlackElo "2629"]

1.e4 d6 2.d4 Nf6 3.Nc3 e5 4.Nf3 Nbd7 5.h3 Be7 6.Be3 c6 7.g4 O-O 8.g5 Nh5
9.h4 g6 10.Qd2 Qc7 11.O-O-O b5 12.Ne2 Nb6 13.Ng3 Bg4 14.Be2 Nc4 15.Qc3 Nxe3
16.Qxe3 Nf4 17.Kb1 f6 18.dxe5 dxe5 19.gxf6 Bxf6 20.Nh2 Bxe2 21.Nxe2 Bxh4
22.Ng4 Bg5 23.Ng1 h5 24.Nf3 Bf6 25.Nxf6+ Rxf6 26.Rd2 Rd6 27.Rhd1 Rad8 28.Rg1 Rxd2
29.Nxd2 Qd6 30.Nb3 a5 31.a3 a4 32.Nc1 Kg7 33.Qa7+ Rd7 34.Qa8 Rf7 35.Na2 Ne2
36.Rh1 Rxf2 37.Nb4 Nd4 38.Nd3 Rf8 39.Qb7+ Rf7 40.Qc8 Rf8 41.Qb7+ Rf7 42.Qc8 Nf3
43.Rd1 Qd7 44.Qa8 h4 45.Qb8 Rf8 46.Qb6 h3 47.Nf2 Qe6 48.Qc7+ Rf7 49.Qb8 Rd7
50.Nd3 h2 51.Rh1 Rf7 52.Nc5 Qe7 53.Qb6 Rf6 54.Ka1 g5 55.Nd3 g4 56.Qf2 Rg6
57.Qg3 Qg5 58.Qf2 g3 59.Qa7+ Kh8 60.Rf1 g2 61.Rxf3 g1=Q+ 62.Ka2 Qxa7  0-1

[Event "XXX Zalakaros Open"]
[Site "Zalakaros HUN"]
[Date "2011.05.21"]
[Round "2"]
[White "Rezsek,G"]
[Black "Izso,D"]
[Result "0-1"]
[WhiteElo "2004"]
[BlackElo "2279"]

1.d4 d6 2.e4 Nf6 3.Nc3 Nbd7 4.Nf3 e5 5.Bc4 Be7 6.O-O O-O 7.Re1 c6 8.a4 h6
9.h3 Re8 10.a5 Qc7 11.Bf1 Nf8 12.g3 Be6 13.Qe2 b5 14.axb6 axb6 15.Bd2 b5
16.b3 Rxa1 17.Rxa1 b4 18.Nd1 exd4 19.Nxd4 d5 20.Nxe6 Nxe6 21.exd5 Nxd5 22.Qc4 Bc5
23.Kg2 Qe5 24.Ra6 Nb6 25.Qg4 Qd5+  0-1

[Event "ch-Siberia Women"]
[Site "Barnaul RUS"]
[Date "2011.05.22"]
[Round "3"]
[White "Vorobyova,A"]
[Black "Avdeenko,T"]
[Result "0-1"]
[WhiteElo "2006"]
[BlackElo "2175"]

1.e4 d6 2.d4 Nf6 3.Nc3 e5 4.Nf3 Nbd7 5.Bc4 Be7 6.O-O O-O 7.Re1 c6 8.a4 exd4
9.Nxd4 Ne5 10.Bb3 Re8 11.h3 Bd7 12.f4 Ng6 13.e5 dxe5 14.fxe5 Bc5 15.exf6 Bxd4+
16.Kh1 Rxe1+ 17.Qxe1 Qxf6 18.Bd2 Re8 19.Qg3 Nh4 20.Bg5 Bf2 21.Bxh4 Bxg3 22.Bxf6 gxf6
23.Kg1 Bf5 24.Kf1 Kg7 25.Ne2 Be5 26.c3 Bd3 27.Bd1 Bg3 28.a5 Re5 29.Ra4 h5
30.b4 Bc4 31.Ra1 h4 32.Rc1 Rf5+ 33.Kg1 Bf2+ 34.Kh2 Be3 35.Bc2 Bxe2 36.Re1 Rf1
37.Rxe2 Bg1+ 38.Kh1 Bf2+  0-1

[Event "20th Croatian Cup"]
[Site "Sibenik CRO"]
[Date "2011.05.22"]
[Round "6.71"]
[White "Trbojevic,M"]
[Black "Biti,O"]
[Result "1/2-1/2"]
[WhiteElo "2343"]
[BlackElo "2378"]

1.e4 d6 2.d4 Nf6 3.Nc3 e5 4.Nf3 Nbd7 5.g4 Nxg4 6.Rg1 Ngf6 7.Bc4 h6 8.Be3 c6
9.Qd3 b5 10.Bb3 Qa5 11.O-O-O Ba6  1/2-1/2

[Event "ch-KAZ 2011"]
[Site "Astana KAZ"]
[Date "2011.05.23"]
[Round "8"]
[White "Erzhanov,A"]
[Black "Karayev,A"]
[Result "1-0"]
[WhiteElo "2301"]
[BlackElo "2284"]

1.e4 d6 2.d4 Nf6 3.Nc3 e5 4.Nf3 Nbd7 5.Bc4 Be7 6.O-O O-O 7.a4 c6 8.Re1 exd4
9.Nxd4 d5 10.exd5 Nb6 11.Ba2 Nbxd5 12.Nxd5 Nxd5 13.Bxd5 cxd5 14.c3 a5 15.Bf4 Ra6
16.Re3 Rg6 17.Rg3 Qb6 18.Nb5 Bc5 19.Qd2 Rf6 20.Rf1 Re8 21.Nc7 Rd8 22.Bg5 d4
23.Bxf6 Qxf6 24.Qg5 Qxg5 25.Rxg5 Bd6 26.Nb5 Bf4 27.Rc5 d3 28.Rc4 d2 29.Rd4 Rxd4
30.Nxd4 Bg4 31.f3 Be3+ 32.Kh1 Bd7 33.b3 f5 34.g3 f4 35.Kg2 h5 36.Rd1 Be8
37.gxf4 Kf7 38.Kg3 Kf6 39.h4 Bg6 40.f5 Bf7 41.Nc2 Bh6 42.c4 g6 43.Kf2 gxf5
44.Ne3 Bf8 45.Rxd2 f4 46.Nd5+ Kf5 47.Re2 Bd6 48.Nc3 Be6 49.Ne4 Be7 50.Ng5 Bc5+
51.Kg2 Bd7 52.Rd2 Bc6 53.Rd8 Kg6 54.Ne6 Be7 55.Rh8 Bxh4 56.Nxf4+ Kg7 57.Rxh5 Be1
58.Ne6+ Kg6 59.Rh1 Bb4 60.Nd8 Bd7 61.Nxb7 Bf5 62.c5 Be6 63.c6 Kf6 64.c7 Bc8
65.Rh8  1-0

[Event "XXVI Felix Cup"]
[Site "Baile Felix ROU"]
[Date "2011.05.23"]
[Round "6.14"]
[White "Cojocneanu,R"]
[Black "Iancu,I"]
[Result "1-0"]
[WhiteElo "2087"]
[BlackElo "1897"]

1.e4 d6 2.d4 Nf6 3.Nc3 Nbd7 4.f4 e5 5.Nf3 exd4 6.Nxd4 g6 7.Be2 Bg7 8.O-O O-O
9.Bf3 Re8 10.Nb3 Nb6 11.a4 a5 12.Nd4 c6 13.Re1 Qc7 14.Qd3 Bg4 15.Be3 Bxf3
16.Nxf3 Rad8 17.Rad1 Rd7 18.b3 Rdd8 19.h3 Rd7 20.g4 Rdd8 21.Bd4 Rd7 22.Ng5 Rdd8
23.Qg3 h6 24.Nf3 Nfd7 25.Qf2 Nc8 26.Kg2 Nf8 27.Bxg7 Kxg7 28.f5 Nd7 29.Rf1 Rf8
30.Nd4 Ne5 31.fxg6 Nxg6 32.Nf5+ Kh7 33.Qe3  1-0

[Event "XXVI Felix Cup"]
[Site "Baile Felix ROU"]
[Date "2011.05.23"]
[Round "6.11"]
[White "Vartopeanu,N"]
[Black "Varga,Kl"]
[Result "0-1"]
[WhiteElo "1939"]
[BlackElo "2159"]

1.e4 d6 2.d4 Nf6 3.Nc3 Nbd7 4.Be3 e5 5.d5 Be7 6.Be2 Nf8 7.h3 Bd7 8.Nf3 h6
9.a4 a5 10.Nd2 Ng6 11.O-O Nf4 12.Nb3 g5 13.Re1 Qc8 14.Bxf4 gxf4 15.Bb5 c6
16.dxc6 bxc6 17.Bf1 Rg8 18.Kh2 Nh7 19.Qh5 Ng5 20.Be2 Bf8 21.Rad1 Rg6 22.Rd3 Nh7
23.Bf1 Nf6 24.Qd1 h5 25.g3 Bh6 26.Rxd6 fxg3+ 27.fxg3 h4 28.g4 Bxg4 29.Qd3 Bf4+
30.Kh1 Be6 31.Bg2 Rg3 32.Rxe6+ Qxe6 33.Qf1 Nh5 34.Nc5 Qe7 35.Nd3 Rxh3+  0-1

[Event "XXX Zalakaros Open"]
[Site "Zalakaros HUN"]
[Date "2011.05.23"]
[Round "4"]
[White "Czebe,A"]
[Black "Ianov,V"]
[Result "1-0"]
[WhiteElo "2473"]
[BlackElo "2301"]

1.e4 d6 2.d4 Nf6 3.Nc3 e5 4.Nf3 Nbd7 5.Bc4 Be7 6.O-O O-O 7.Qe2 c6 8.Rd1 Qc7
9.a4 exd4 10.Nxd4 Ne5 11.Ba2 Re8 12.h3 Bf8 13.Bg5 Be7 14.f4 Ng6 15.Qc4 Rf8
16.Nf5 Be6 17.Qd4 Bxa2 18.Rxa2 Rfd8 19.Raa1 Ne8 20.Nxe7+ Nxe7 21.f5 h6 22.Bh4 Rd7
23.a5 Kf8 24.b4 f6 25.Ne2 Qc8 26.Bg3 d5 27.c4 Nd6 28.cxd5 cxd5 29.Rac1 Qe8
30.Bxd6 Rxd6 31.Nf4 Kg8 32.Rc7 b6 33.Ne6 Rc8 34.Rdc1 Rc6 35.R1xc6 Nxc6 36.Rxg7+ Kh8
37.Qxf6  1-0

[Event "Nis Open 2011"]
[Site "Nis SRB"]
[Date "2011.05.24"]
[Round "1.13"]
[White "Todorovic,Nenad I"]
[Black "Velickovski Nejkovic,M"]
[Result "0-1"]
[WhiteElo "1852"]
[BlackElo "2188"]

1.e4 d6 2.d4 Nf6 3.Nc3 c6 4.f4 Qa5 5.Bd3 e5 6.Nf3 Nbd7 7.O-O Be7 8.h3 O-O
9.Qe1 Re8 10.Nd5 Qxe1 11.Nxe7+ Rxe7 12.Rxe1 exd4 13.b4 a5 14.Nxd4 g6 15.c3 axb4
16.cxb4 Nd5 17.Bd2 Nxb4 18.Bxb4 c5 19.Bc3 cxd4 20.Bxd4 Ra4 21.Bf2 Nc5 22.Bxc5 dxc5
23.Rac1 b6 24.Re2 Rd4 25.Re3 Bb7 26.Rce1 c4 27.Bc2 b5 28.g3 Bc6 29.e5 Bd5
30.f5  0-1